Hãy là người lãnh đạo

Guardat en:
Dades bibliogràfiques
Autor principal: Teo Aik Cher
Altres autors: Phạm, Hoa Phượng (Dịch)
Format: Llibre
Publicat: Tp. Hồ Chí Minh Văn hoá Văn nghệ Tp. Hồ Chí Minh ; Công ty Văn hoá Sáng tạo Trí Việt 2018
Matèries:
Etiquetes: Afegir etiqueta
Sense etiquetes, Sigues el primer a etiquetar aquest registre!
Thư viện lưu trữ: Trung tâm Học liệu Lê Vũ Hùng, Trường Đại học Đồng Tháp
LEADER 00925pam a22002658a 4500
001 00044960
005 20191017151042.0
008 161118s2015 ||||||Viesd
020 # # |c 42000  |a 9786045881415 
041 0 # |a Vie 
082 1 4 |a 658.4  |b H112L 
100 1 # |a Teo Aik Cher 
245 1 0 |a Hãy là người lãnh đạo  |c Teo Aik Cher ; Phạm Hoa Phượng (dịch) 
246 # # |a Why be a leader? 
260 # # |a Tp. Hồ Chí Minh  |b Văn hoá Văn nghệ Tp. Hồ Chí Minh ; Công ty Văn hoá Sáng tạo Trí Việt  |c 2018 
300 # # |a 103 tr.  |c 21 cm. 
653 # # |a Kinh doanh 
653 # # |a Lãnh đạo 
653 # # |a Phương pháp 
653 # # |a Thành công 
653 # # |a Tâm lí 
700 # # |e Dịch  |a Phạm, Hoa Phượng 
852 # # |j KD.0026366  |j KM.0033849 
910 # # |d 17/10/2019 
980 # # |a Trung tâm Học liệu Lê Vũ Hùng, Trường Đại học Đồng Tháp